Jalkapallomaajoukkueiden logoja - Statistics

Yleistilastot
  • Tätä visaa on pelattu 360 kertaa
  • Keskiarvotulos 8 / 9
Vastaustilastot
Kuvavisa Vastaus % Oikein
Ruotsi
100%
Italia
98%
Ranska
97%
Kanada
96%
Englanti
95%
Brasilia
93%
Meksiko
86%
Ghana
81%
Egypti
70%
Ehtoja vastaavia visoja ei löytynyt
Tulosjakauma
Jokaisen tuloksen saaneiden osuus
Persentiili vastausten määrän mukaan
Tuloshistoriasi
Et ole pelannut tätä visaa